00942nab a22001817a 4500003000400000005001700004008004100021040000700062100003100069245010800100260007300208300001500281500004500296505016100341505008900502650002900591773014000620OSt20251113111103.0190604e xxu||||| |||| 00| 0 spa d cPJ aMendaña, Silvia Mariana 10aPosibles acuerdos entre condóminos para el uso y goce de la cosa común /cSilvia Mariana Mendaña. aCiudad Autónoma de Buenos Aires :bThomson Reuters La Ley, c2025. ap. 165-173 aCita Online: TR LALEY AR/DOC/1115/2025.  tSumario: I. Introducción.— II. Convenio de uso y goce.— III. Pacto de indivisión temporaria.— IV. Pacto de división futura.— V. Conclusiones. t¿Te interesa el texto completo? Solicitalo al correo: koha@justierradelfuego.gov.ar 0aCODIGO CIVIL Y COMERCIAL0 02714dCiudad Autónoma de Buenos Aires : Thomson Reuters La Ley, 2014-tRevista anales de legislación argentina. Nº 6 - Junio 2025.